Histology : (Record no. 16096)

MARC details
000 -LEADER
fixed length control field 02391nam a22003857i 4500
003 - CONTROL NUMBER IDENTIFIER
control field URS
005 - DATE AND TIME OF LATEST TRANSACTION
control field 20220117150948.0
008 - FIXED-LENGTH DATA ELEMENTS--GENERAL INFORMATION
fixed length control field 180813b2016 nyu||||| |||| 00| 0 eng d
020 ## - INTERNATIONAL STANDARD BOOK NUMBER
International Standard Book Number 9781451187427 (pbk.)
020 ## - INTERNATIONAL STANDARD BOOK NUMBER
International Standard Book Number 1451187424 (pbk.)
020 ## - INTERNATIONAL STANDARD BOOK NUMBER
International Standard Book Number 9781469889313 (International ed.)
040 ## - CATALOGING SOURCE
Original cataloging agency DNLM/DLC
Transcribing agency URS
Description conventions rda
Modifying agency DLC
-- URS
Language of cataloging eng
050 00 - LIBRARY OF CONGRESS CALL NUMBER
Classification number QM 551
Item number .P2896 2016
100 1# - MAIN ENTRY--PERSONAL NAME
Personal name Ross, Michael H.,
Relator term author.
245 10 - TITLE STATEMENT
Title Histology :
Remainder of title a text and atlas : with correlated cell and molecular biology /
Statement of responsibility, etc Michael H. Ross, PhD (deceased), Professor and Chair Emeritus, Department of Anatomy and Cell Biology, University of Florida College of Medicine, Gainesville, Florida, Wojciech Pawlina, MD, FAA, Professor of Anatomy and Medical Education, Fellow of the American Association of Anatomists, Chair, Department of Anatomy, Department of Obstetrics and Gynecology, Director of Procedural Skills Laboratory, Mayo college of Medicine, Rochester, Minnesota.
250 ## - EDITION STATEMENT
Edition statement Seventh edition.
264 #1 - PUBLICATION, DISTRIBUTION, ETC. (IMPRINT)
Place of publication, distribution, etc Philadelphia :
Name of publisher, distributor, etc Wolters Kluwer,
Date of publication, distribution, etc [date of publication not identified].
264 #4 - PUBLICATION, DISTRIBUTION, ETC. (IMPRINT)
Date of publication, distribution, etc ©2016
300 ## - PHYSICAL DESCRIPTION
Extent xv, 984 pages :
Other physical details illustrations (chiefly color) ;
Dimensions 27 cm
336 ## - CONTENT TYPE
Content type term text
Source rdacontent
336 ## - CONTENT TYPE
Content type term still image
Source rdacontent
337 ## - MEDIA TYPE
Media type term unmediated
Source rdamedia
337 ## - MEDIA TYPE
Media type term computer
Source rdamedia
338 ## - CARRIER TYPE
Carrier type term volume
Source rdacarrier
338 ## - CARRIER TYPE
Carrier type term online resource
Source rdacarrier
500 ## - GENERAL NOTE
General note Includes index.
505 0# - FORMATTED CONTENTS NOTE
Formatted contents note Methods -- Cell cytoplasm -- The cell nucleus -- Tissues : concept and classification -- Epithelial tissue -- Connective tissue -- Cartilage -- Bone -- Adipose tissue -- Blood -- Muscle tissue -- Nerve tissue -- Cardiovascular system -- Lymphatic system -- Integumentary system -- Digestive system I : oral cavity and associated structures -- Digestive system II : esophagus and gastrointestinal tract -- Digestive system III : liver, gallbladder, and pancreas -- Liver -- Respiratory system -- Urinary system -- Endocrine organs -- Male reproductive system -- Female reproductive system -- Eye -- Ear.
524 ## - PREFERRED CITATION OF DESCRIBED MATERIALS NOTE
Preferred citation of described materials note Ross, M. H. and Pawlina, W. (2016). Histology: a text and atlas with correlated cell and molecular biology. 7th edition Philadelphia : Wolters Kluwer.
650 #0 - SUBJECT ADDED ENTRY--TOPICAL TERM
Topical term or geographic name as entry element Histology
700 1# - ADDED ENTRY--PERSONAL NAME
Personal name Pawlina, Wojciech,
Relator term author.
856 ## - ELECTRONIC LOCATION AND ACCESS
Uniform Resource Identifier <a href="http://thepoint.lww.com">http://thepoint.lww.com</a>
942 ## - ADDED ENTRY ELEMENTS (KOHA)
Source of classification or shelving scheme Library of Congress Classification
Koha item type Reserved Books
Holdings
Withdrawn status Lost status Source of classification or shelving scheme Damaged status Not for loan Collection code Home library Current library Shelving location Date acquired Source of acquisition Cost, normal purchase price Total Checkouts Full call number Barcode Date last seen Price effective from Koha item type Public note
    Library of Congress Classification     Non-fiction Tanay College Library Tanay College Library Reserve Section 08/13/2018 URS Fund 3.00   QM 551 .P2896 2016 URSTAN-N2525 12/10/2018 08/13/2018 Reserved Books Please see library personnel for log-in details for the ebook

University of Rizal System
Email us at univlibservices@urs.edu.ph

Visit our Website www.urs.edu.ph/library